00420nam a2200133 4500020001800000082001200018100001900030245008000049250000600129260002800135300001400163490004400177650006500221 a9788131756881 a547 VOG aVogel,Arthur.I aElemantary Practical Organic Chemistry Quantitative Organic Analysis Part 3 a2 aNew YorkbPearsonc2011 a645 - 840 aElemantary Practical Organic Chemistry  aChemistryaOrganic Chemistrya Quantitative Organic Analysis